Jazyk a politika jazyk politiky v konfliktnej štruktúre spoločnosti

Bibliographic Details
Main Authors: Štefančík, Radoslav, 1976- (Author), Dulebová, Irina, 1966- (Author)
Format: Book
Language:Slovak
PhysicalDescription:193 s. grafy, sch., tab. 22 cm
Published: Bratislava Ekonomická univerzita Ekonóm 2017
ISBN:9788022544146
Subjects:

MARC

LEADER 00000cam a2200000 a 4500
001 vtls011715219
003 SK-MaSNL
005 20260301094749.0
008 240318s2017 xo dl g n 000 0 slo
015 |a SNBA2018/02 
020 |a 9788022544146  |q (viaz.) 
035 |a urn:nbn:sk:snk-am00da7d 
035 |a urn:nbn:sk:snk-am3hv8n 
035 |a 08E65E16-AD7D-436D-90CD-16A67D7596DA 
040 |a SNK  |b slo  |c SNK  |e AACR2 
041 0 |a slo  |b eng 
044 |a xo  |c SK 
072 7 |a 81  |x Lingvistika. Jazyky  |2 konspekt 
072 7 |a 321  |x Politológia  |2 konspekt 
080 |a 81  |2 2011 
080 |a 32  |2 2011 
080 |a 316.77:81'42  |2 2011 
080 |a 316.772.4:32  |2 2011 
080 |a (048.8)  |2 2011 
100 1 |a Štefančík, Radoslav,  |d 1976-  |4 aut  |9 125727 
245 1 0 |a Jazyk a politika  |b jazyk politiky v konfliktnej štruktúre spoločnosti  |c Radoslav Štefančík, Irina Dulebová 
260 |a Bratislava  |b Ekonomická univerzita  |b Ekonóm  |c 2017 
300 |a 193 s.  |b grafy, sch., tab.  |c 22 cm 
500 |a Biografické údaje 
504 |a Bibliografia na strane 168-188 ; bibliografické odkazy ; poznámky ; zoznam tabuliek, grafov a schém 
546 |a Anglické resumé 
650 0 7 |a jazyk  |2 SNKPH  |9 22980 
650 0 7 |a politika  |2 SNKPH  |9 968 
650 0 7 |a Language  |2 SNKPHeng  |9 266532 
650 0 7 |a Politics  |2 SNKPHeng  |9 265606 
650 0 7 |a Communication in politics  |2 SNKPHeng  |9 327987 
650 0 7 |a komunikačné zručnosti  |2 SNKPH  |9 2691 
650 0 7 |a politická komunikácia  |2 SNKPH  |9 2692 
650 0 7 |a Communication skills  |2 SNKPHeng  |9 306573 
655 7 |a monografie  |2 SNKPH  |9 70139 
655 7 |a Monographs  |2 SNKPHeng  |9 120675 
700 1 |a Dulebová, Irina,  |d 1966-  |4 aut  |9 204765 
852 |a Štátna vedecká knižnica v Banskej Bystrici 
919 |a 978-80-225-4414-6 
958 |a NB 
999 |c 681228  |d 683158 
952 |a SNK  |b SNK  |y PREZ  |7 0  |p 17A1307687  |o snkSC 177660  |i snk2018/1497  |8 0  |0 0  |1 0  |4 0  |d 2018-01-18  |f 1  |l 0  |r 2025-09-19 00:00:00  |w 2026-02-23 
952 |a SNK  |b SNK  |y VYP  |7 0  |p 17A1307688  |o snkSC 177660 D1  |i snk2018/1498  |8 0  |0 0  |1 0  |4 0  |d 2018-01-18  |l 0  |r 2026-02-23 19:57:02  |w 2026-02-23